Normal view
MARC view
Entry Personal Name
001 - CONTROL NUMBER
- control field: 371053
003 - CONTROL NUMBER IDENTIFIER
- control field: OSt
005 - DATE AND TIME OF LATEST TRANSACTION
- control field: 20220927105220.0
008 - FIXED-LENGTH DATA ELEMENTS
- fixed length control field: 220927|| aca||aabn | a|a d
040 ## - CATALOGING SOURCE
- Original cataloging agency: OSt
- Transcribing agency: OSt
100 ## - HEADING--PERSONAL NAME
- Personal name: Mellor John W
670 ## - SOURCE DATA FOUND
- Source citation: Work cat.: (OSt)691295: Mellor John W., Lectures on agricultural growth and employment, 1988
